Implementing ISO 9001:2008 Quality Management System (Record no. 217877)

MARC details
000 -LEADER
fixed length control field 00523nam a2200205Ia 4500
008 - FIXED-LENGTH DATA ELEMENTS--GENERAL INFORMATION
fixed length control field 240823s9999||||xx |||||||||||||| ||und||
020 ## - INTERNATIONAL STANDARD BOOK NUMBER
International Standard Book Number 978-81-203-4574-4
082 ## - DEWEY DECIMAL CLASSIFICATION NUMBER
-- 658.562 Q2
100 ## - MAIN ENTRY--PERSONAL NAME
Personal name Divya Singhal
245 #0 - TITLE STATEMENT
Title Implementing ISO 9001:2008 Quality Management System
250 ## - EDITION STATEMENT
Edition statement 2nd
260 ## - PUBLICATION, DISTRIBUTION, ETC. (IMPRINT)
Date of publication, distribution, etc 2012
Name of publisher, distributor, etc #VALUE!
500 ## - GENERAL NOTE
General note YES
650 ## - SUBJECT ADDED ENTRY--TOPICAL TERM
Topical term or geographic name as entry element Management Systems
700 ## - ADDED ENTRY--PERSONAL NAME
Personal name Keshan Ram Singhal
942 ## - ADDED ENTRY ELEMENTS (KOHA)
Item type Books
Holdings
Withdrawn status Lost status Damaged status Permanent location Current location Shelving location Date acquired Source of acquisition Cost, normal purchase price Full call number Barcode Date last seen Koha item type
      CENTRAL LIBRARY, NOORUL ISLAM CENTRE FOR HIGHER EDUCATION CENTRAL LIBRARY, NOORUL ISLAM CENTRE FOR HIGHER EDUCATION   02/20/2014 TBH Library Book Suppliers 195.00 658.562 Q2 67350 08/23/2024 Books
Visitors:
Copyright © 2024 Central Library NICHE.  All rights reserved.